Football : Les français sélectionnés pour la trêve de mars 2024 - Statistiques

Statistiques générales
  • Ce quiz a été pris 240 fois
  • Le résultat moyen est 23 sur 24
Statistiques - réponses
Poste Club Numéro Joueur % Correct
Latéral droit/Défenseur central Barcelone 5 Jules Koundé
99%
Ailier PSG 10 Kylian Mbappé
99%
Défenseur central/Latéral gauche PSG 21 Lucas Hernandez
99%
Gardien AC Milan 16 Mike Maignan
99%
Buteur AC Milan 9 Olivier Giroud
99%
Buteur PSG 12 Randal Kolo Muani
99%
Latéral gauche AC Milan 22 Theo Hernandez
99%
Milieu Real Madrid 8 Aurélien Tchouaméni
98%
Latéral droit/Défenseur central Inter Milan 2 Benjamin Pavard
98%
Gardien RC Lens 1 Brice Samba
98%
Défenseur central Bayern 4 Dayot Upamecano
98%
Milieu Real Madrid 6 Eduardo Camavinga
98%
Ailier PSG 11 Ousmane Dembélé
98%
Milieu Juventus 14 Adrien Rabiot
97%
Buteur Inter Milan 15 Marcus Thuram
97%
/ / Sélectionneur Didier Deschamps
96%
Défenseur central Arsenal 17 William Saliba
96%
Gardien West Ham 23 Alphonse Areola
95%
Défenseur central Liverpool 13 Ibrahima Konaté
95%
Latéral droit OM 3 Jonathan Clauss
95%
Milieu PSG 18 Warren Zaïre-Emery
93%
Milieu Lazio 7 Mattéo Guendouzi
92%
Milieu AS Monaco 19 Youssouf Fofana
86%
Ailier Aston Villa 20 Moussa Diaby
81%
Aucun quiz correspondant
Distribution des résultats
% des personnes avec chaque résultat
Percentile par nombre de réponses
Votre historique - résultats
Vous n’avez pas pris ce quiz